| 000 | 00733nam a22002537a 4500 | ||
|---|---|---|---|
| 999 |
_c7098 _d7098 |
||
| 003 | GBCCL | ||
| 005 | 20241126110619.0 | ||
| 008 | 180709b ||||| |||| 00| 0 eng d | ||
| 020 | _a0830724087 | ||
| 020 | _a9780830724086 | ||
| 040 | _cgbc | ||
| 082 |
_a268.432 _bPUL |
||
| 100 |
_aPearson, Darrell _912564 |
||
| 245 |
_aPrayer / _cDarrell Pearson |
||
| 260 |
_aVentura: _bGospel Light, _c1999 |
||
| 300 |
_a95 p.; _bill., _c28 cm. |
||
| 440 |
_aPulse _v2 _911293 |
||
| 490 | _aGod's word for a jr. high world | ||
| 490 | _aDiscipleship track | ||
| 650 |
_aPrayer _vChristianity _xStudy and teaching. _912565 |
||
| 650 |
_aPrayer _xBiblical teaching. _98921 |
||
| 650 |
_aChristian education _xCurricula. _95974 |
||
| 942 |
_2ddc _cBK |
||